[Event "Belp op"]
[Site "Belp"]
[Date "2015.05.23"]
[Round "2"]
[White "Duruz, Sandy"]
[Black "Sommer, Matthias1111"]
[Result "0-1"]
[WhiteElo "1317"]
[BlackElo "1744"]
[PlyCount "74"]
[EventDate "2015.05.23"]
[EventType "swiss"]
[EventRounds "5"]
[EventCountry "SUI"]
[SourceTitle "EXT 2016"]
[Source "ChessBase"]
[SourceDate "2015.10.08"]
[SourceVersion "1"]
[SourceVersionDate "2015.10.08"]
[SourceQuality "1"]

1. e4 c5 2. Nf3 e6 3. c3 d5 4. exd5 Qxd5 5. d4 Nc6 6. Be3 cxd4 7. cxd4 Nf6 8. Nc3 Bb4 9. a3 Bxc3+ 10. bxc3 0-0 11. Bd3 b5 12. 0-0 Bb7 13. Rb1 a6 14. a4 Na7 15. Qb3 Qh5 16. axb5 Bxf3 17. gxf3 Qxf3 18. Qd1 Qh3 19. f3 Nxb5 20. Bxb5 axb5 21. Rxb5 Nd5 22. Qd2 Nxe3 23. Qxe3 Ra2 24. Qf2 Rxf2 25. Rxf2 f5 26. c4 Ra8 27. Rfb2 Ra1+ 28. Rb1 Rxb1+ 29. Rxb1 Qxf3 30. Rc1 Qe3+ 31. Kg2 Qxc1 32. d5 exd5 33. cxd5 Qd2+ 34. Kg3 Qxd5 35. Kf4 Qe4+ 36. Kg3 g5 37. Kh3 Qg4# 0-1